北海道に所在する大学 - Statistics

General Stats
  • This quiz has been taken 63 times
  • The average score is 16 of 37
Answer Stats
Hint Answer % Correct
国立 北海道大学
100%
国立 室蘭工業大学
84%
国立 小樽商科大学
82%
国立 北海道教育大学
80%
国立 帯広畜産大学
80%
私立 札幌大学
80%
国立 北見工業大学
78%
私立 北海学園大学
62%
国立 旭川医科大学
60%
公立 釧路公立大学
60%
私立 北海道医療大学
60%
公立 公立はこだて未来大学
56%
公立 札幌医科大学
53%
公立 名寄市立大学
53%
私立 函館大学
53%
私立 北海道科学大学
49%
私立 札幌学院大学
42%
私立 北星学園大学
40%
公立 旭川市立大学
38%
私立 藤女子大学
38%
公立 札幌市立大学
33%
公立 公立千歳科学技術大学
31%
私立 酪農学園大学
29%
私立 北海道情報大学
29%
私立 天使大学
29%
私立 北翔大学
27%
私立 北海道文教大学
27%
私立 札幌国際大学
24%
私立 星槎道都大学
22%
私立 北洋大学
22%
私立 北海商科大学
16%
私立 札幌大谷大学
16%
私立 育英館大学
11%
私立 日本医療大学
9%
私立 札幌保健医療大学
4%
私立 日本赤十字北海道看護大学
2%
私立 北海道千歳リハビリテーション大学
2%
No matching quizzes found
Score Distribution
Percent of People with Each Score
Percentile by Number Answered
Your Score History
You have not taken this quiz